Cargando...

Deans december

Detalles Bibliográficos
Autor principal: Bellow, Saul
Formato: Printed Book
Publicado: Middlesex Penguin Books 1982
Materias:
LEADER 00436nam a2200157 4500
082 |a 813 BEL-D 
100 |a Bellow, Saul 
245 |a Deans december 
250
260 |a Middlesex  |b Penguin Books  |c 1982 
300
490
650 |a American fiction-- Literature 
942 |c BK 
999 |c 226153  |d 226153 
952 |0 0  |1 0  |4 0  |6 813_000000000000000_BELD  |7 0  |9 240286  |a SDE  |b SDE  |d 2019-12-12  |l 0  |o 813 BEL-D  |p SDE5483  |r 2019-12-12  |w 2019-12-12  |y BK